Sonety

Bibliographic Details
Main Author: Shakespeare, William, 1564-1616 (Author)
Format: Book
Language:Undetermined
PhysicalDescription:167 s.
Published: Praha ČS 1976

MARC

LEADER 00000nam a2200000 a 4500
001 vtls001399059
003 SK-MaSNL
005 20260302054047.0
008 240318s1976 xx 0 und
035 |a SNK000353513 
040 |a SNK  |b slo  |c SNK  |e AACR2 
100 1 |a Shakespeare, William,  |d 1564-1616  |4 aut  |9 92336 
245 1 0 |a Sonety 
260 |a Praha  |b ČS  |c 1976 
300 |a 167 s. 
958 |a OND 
999 |c 1111921  |d 1113851 
952 |t P60, <04>, [BOOK], {604}  |a SNK  |b SNK  |y VYP  |7 0  |p 17A0255672  |o snkIC 66200 D1  |0 0  |1 1  |4 0  |d 2000-10-27  |l 0  |r 2005-01-02 00:00:00  |w 2026-02-24